Study of a numerical procedure for the vibrating structure analysis. Part 1

Bibliographic Details
Main Author: Tizzi, Silvano (Author)
Format: Article
Language:Slovak
English
PhysicalDescription:Res. angl.
ISSN:0039-2472
Subjects:

MARC

LEADER 00000nab a2200000 a 4500
001 vtls000519850
003 SK-MaSNL
005 20260304090219.0
008 250425c1994 xo 0 slo
015 |a SNBRB19rr/mm-uuuuu 
035 |a CL0519988 
035 |a urn:nbn:sk:snk-abboho 
035 |a (urnnbn)urn:nbn:sk:snk:ar-a09uhy 
035 |a (uuid)d34162f4-f235-40e2-81cb-0a2eae3e8c7c 
040 |a SNKBUCL  |b slo  |c SNKBUCL  |e AACR2 
041 0 |a eng 
044 |a xo  |c SK 
080 |a 534.1.01:531.1:539.3:519.6  |2 1981 
080 |a 531.1  |2 1981 
080 |a 539.3  |2 1981 
080 |a 519.6  |2 1981 
100 1 |a Tizzi, Silvano  |4 aut  |9 1380887 
245 1 0 |a Study of a numerical procedure for the vibrating structure analysis. Part 1  |c Silvano Tizzi 
300 |b Res. angl. 
650 0 7 |a konštrukcie  |2 snkbucl  |9 301193 
650 0 7 |a kmitanie mechanické  |2 snkbucl  |9 877141 
655 7 |a články z novín a časopisov  |2 snkbucl  |9 267496 
773 0 |t Strojnícky časopis  |g Roč. 45, č. 3 (1994), s. 189-197  |x 0039-2472 
850 |a Slovenská národná knižnica 
852 |a Slovenská národná knižnica 
958 |a article15 
958 |a OND 
958 |a RK 
958 |a IT 
958 |a EUIPO 
992 |a RBX 
999 |c 2810731  |d 2812661